[Event "TUR Cup"]
[Site "Antalya"]
[Date "2020.01.30"]
[Round "8"]
[White "Mercanli, Abdullah Gokturk"]
[Black "Ozata, Doruk"]
[Result "1/2-1/2"]
[WhiteElo "1474"]
[BlackElo "1699"]
[PlyCount "192"]
[EventDate "2020.01.26"]
[EventType "swiss"]
[EventRounds "11"]
[EventCountry "TUR"]
[SourceTitle "CBM 194 Extra"]
[Source "ChessBase"]
[SourceDate "2020.03.31"]
[SourceVersion "1"]
[SourceVersionDate "2020.03.31"]
[SourceQuality "1"]

1. d4 Nf6 2. c4 e6 3. Nc3 Bb4 4. Qc2 d5 5. Bg5 h6 6. Bh4 0-0 7. e3 b6 8. cxd5 exd5 9. Nf3 Be6 10. a3 Be7 11. Be2 Nbd7 12. 0-0 Ne8 13. Bxe7 Qxe7 14. Rfc1 a6 15. b4 Nd6 16. Nd2 Nf6 17. b5 a5 18. Nf3 Nd7 19. Bd3 f5 20. Ne5 Nxe5 21. dxe5 Ne4 22. Ne2 Rac8 23. Nf4 g5 24. Ng6 Qg7 25. Nxf8 Kxf8 26. Bxe4 fxe4 27. Qb2 Qe7 28. Rc6 Ke8 29. Qe2 Qf7 30. a4 h5 31. f3 Qe7 32. h3 Bd7 33. Rcc1 Qxe5 34. fxe4 g4 35. hxg4 Bxg4 36. Qf2 Ke7 37. exd5 Rf8 38. Qd2 Rg8 39. Qd4 Qxd4 40. exd4 Kd6 41. Rc2 Bf5 42. Rf2 Be4 43. Rd1 Bxd5 44. Rd3 Rg4 45. Rfd2 Be4 46. Rc3 c6 47. bxc6 Bxc6 48. Ra3 Kd5 49. Rb3 Rxd4 50. Rxd4+ Kxd4 51. Rxb6 Kc5 52. Rb8 Bxa4 53. Kf2 Bd1 54. Ke1 Bg4 55. Kd2 a4 56. Kc3 Bd1 57. Rc8+ Kb5 58. Rd8 Bg4 59. Rd5+ Kc6 60. Ra5 Bd1 61. Kb4 Kd6 62. Rf5 Ke6 63. Rf1 Bg4 64. Kxa4 Bf5 65. Rf4 Kf6 66. g3 Kg5 67. Kb4 Bg4 68. Rd4 Kf5 69. Kc5 Be2 70. Kd6 Kf6 71. Rf4+ Kg5 72. Ke7 Bd1 73. Rd4 Be2 74. Kd6 Bf3 75. Kc5 Be2 76. Kb4 Bf3 77. Kc3 Be2 78. Kd2 Bf3 79. Ke3 Bb7 80. Kf2 Bc6 81. Rc4 Bb7 82. Rc7 Ba8 83. Rg7+ Kf6 84. Rg8 Bd5 85. Rh8 Kg5 86. Kg1 Bc6 87. Kh2 Bd7 88. Rg8+ Kf6 89. Kg2 Bg4 90. Rxg4 hxg4 91. Kf2 Ke6 92. Ke2 Kd6 93. Kd2 Ke6 94. Kc3 Ke5 95. Kd3 Kd5 96. Ke3 Ke5 1/2-1/2